| 000 | 00914pam a2200301 a 4500 | ||
|---|---|---|---|
| 003 | OSt | ||
| 005 | 20140310184341.0 | ||
| 008 | 980116s1998 nyua b 000 0 eng | ||
| 010 | _a 98005194 | ||
| 020 | _a0439061326 | ||
| 040 |
_aDLC _cDLC _dDLC |
||
| 042 | _alcac | ||
| 050 | 0 | 0 |
_aQL 696.S473 _b.G44 1999 |
| 100 | 1 |
_aGibbons, Gail. _923032 |
|
| 245 | 1 | 0 |
_aPenguins! / _cGail Gibbons. |
| 250 | _a1st ed. | ||
| 260 |
_aNew York : _bHoliday House, _c1999. |
||
| 300 |
_bcol. ill. ; _c23 cm. |
||
| 521 | _aG4 | ||
| 526 | _c610 | ||
| 650 | 0 |
_aPenguins _xJuvenile literature. _924582 |
|
| 650 | 1 |
_aPenguins. _924583 |
|
| 906 |
_a7 _bcbc _corignew _d1 _eocip _f19 _gy-gencatlg |
||
| 942 |
_2lcc _cBK-SCHOLAS |
||
| 999 |
_c33830 _d33830 |
||